Statistiken für Größte Stadt von jedem Kontinent mit C

Klicken Sie hier um das Quiz zu spielen!

Allgemein

  • Dieses Quiz wurde 119 mal gespielt
  • Das Durchschnittsergebnis liegt bei 3 aus 6

Antwortstatistiken

KontinentStadtLand% Korrekt
NordamerikaChicagoUSA
89%
OzeanienCanberraAustralien
78%
SüdamerikaCaracasVenezuela
77%
AfrikaCasablancaMarokko
42%
AsienChongqingChina
22%
EuropaCharkiwUkraine
20%

Verteilung der Resultate

Perzentil nach korrekt beantworteten Fragen

Anzahl Personen mit jedem Resultat

Ihre Resultats-Entwicklung

Sie haben dieses Quiz noch nicht gespielt